Loading...
| Science - Chemistry | 0 | 4 | 1 | 0 | 35 | 66 | 95.25 | 0 | 3 |
| Science - Biology | 0 | 3 | 0 | 0 | 30 | 66 | 76.67 | 1 | 3 |
| Science - Other Science | 0 | 3 | 0 | 0 | 30 | 63 | 78.00 | 0 | 2 |
| Science - Physics | 0 | 2 | 0 | 0 | 20 | 95 | 104.50 | 1 | 2 |
| History - American History | 0 | 2 | 1 | 0 | 15 | 66 | 91.00 | 0 | 1 |
| Social Science | 0 | 1 | 0 | 0 | 10 | 92 | 92.00 | 0 | 1 |
| History - World History | 0 | 1 | 0 | 1 | 10 | 135 | 135.00 | 0 | 0 |
| Mythology | 0 | 1 | 0 | 1 | 10 | 132 | 132.00 | 0 | 0 |
| Other Academic | 0 | 1 | 0 | 0 | 10 | 123 | 123.00 | 0 | 0 |
| Fine Arts - Other Fine Arts | 0 | 1 | 0 | 0 | 10 | 127 | 127.00 | 0 | 0 |
| Literature - American Literature | 0 | 0 | 0 | 0 | 0 | 0.00 | 0 | 0 | |
| Fine Arts - Visual Fine Arts | 0 | 0 | 0 | 0 | 0 | 0.00 | 0 | 0 | |
| Literature - World/Other Literature | 0 | 0 | 0 | 0 | 0 | 0.00 | 0 | 0 |